[Event "AUT-ch U16/18 Girls"]
[Site "Bad Ischl"]
[Date "2007.04.03"]
[Round "6"]
[White "Reder, Lisa"]
[Black "Kirchmair, Katharina"]
[Result "1/2-1/2"]
[WhiteElo "1512"]
[BlackElo "1294"]
[PlyCount "50"]
[EventDate "2007.03.31"]
[EventType "swiss"]
[EventRounds "7"]
[EventCountry "AUT"]
[SourceTitle "EXT 2008"]
[Source "ChessBase"]
[SourceDate "2007.11.25"]
[SourceVersion "1"]
[SourceVersionDate "2007.11.25"]
[SourceQuality "1"]

1. e4 e5 2. Nf3 Nc6 3. Bb5 Nf6 4. Bxc6 dxc6 5. Nxe5 Qe7 6. d4 Nxe4 7. 0-0 f6 8. Qh5+ g6 9. Nxg6 Qf7 10. Nf4 Qxh5 11. Nxh5 Bg4 12. Nf4 Bf5 13. Re1 0-0-0 14. c3 Rg8 15. Nd2 Ng5 16. Nh5 Rg6 17. Nb3 Nf3+ 18. Kf1 Nxe1 19. Kxe1 Re8+ 20. Be3 Bh6 21. Kf1 Bd3+ 22. Kg1 Reg8 23. Ng3 f5 24. Nc5 Bb5 25. Bxh6 b6 1/2-1/2

[Event "AUT-ch U16/18 Girls"]
[Site "Bad Ischl"]
[Date "2007.04.02"]
[Round "5"]
[White "Kirchmair, Katharina"]
[Black "Moser, Evelyn"]
[Result "0-1"]
[WhiteElo "1294"]
[BlackElo "1489"]
[PlyCount "62"]
[EventDate "2007.03.31"]
[EventType "swiss"]
[EventRounds "7"]
[EventCountry "AUT"]
[SourceTitle "EXT 2008"]
[Source "ChessBase"]
[SourceDate "2007.11.25"]
[SourceVersion "1"]
[SourceVersionDate "2007.11.25"]
[SourceQuality "1"]

1. e4 e5 2. Nf3 Nc6 3. Bc4 Bc5 4. Nc3 d6 5. h3 Nge7 6. d3 a6 7. a3 b5 8. Bb3 Bb7 9. 0-0 0-0 10. Be3 Nd4 11. Nd5 Nxb3 12. Nxe7+ Qxe7 13. cxb3 Bb6 14. Qe1 f5 15. Bg5 Qf7 16. Nd2 Qh5 17. Nf3 Qg6 18. a4 fxe4 19. Nd2 e3 20. fxe3 Qxg5 21. Rf2 Bxe3 22. Ne4 Bxe4 23. dxe4 Qg3 24. Kh1 Rxf2 25. Qg1 Raf8 26. axb5 axb5 27. Rb1 Rd2 28. Qh2 Qxh2+ 29. Kxh2 Rff2 30. Rc1 Rxg2+ 31. Kh1 Rh2# 0-1

[Event "AUT-ch U16/18 Girls"]
[Site "Bad Ischl"]
[Date "2007.04.02"]
[Round "4"]
[White "Posch, Stefanie"]
[Black "Kirchmair, Katharina"]
[Result "1-0"]
[WhiteElo "1424"]
[BlackElo "1294"]
[PlyCount "73"]
[EventDate "2007.03.31"]
[EventType "swiss"]
[EventRounds "7"]
[EventCountry "AUT"]
[SourceTitle "EXT 2008"]
[Source "ChessBase"]
[SourceDate "2007.11.25"]
[SourceVersion "1"]
[SourceVersionDate "2007.11.25"]
[SourceQuality "1"]

1. d4 d5 2. Nf3 Nf6 3. Bf4 Bf5 4. e3 a6 5. c4 e6 6. Qb3 b6 7. Nbd2 Be7 8. Rc1 Nbd7 9. cxd5 exd5 10. Rxc7 0-0 11. Rc3 Qe8 12. Ne5 Bd8 13. Nc6 Qe6 14. Nf3 h6 15. Be2 Be7 16. Nxe7+ Qxe7 17. Rc6 Rfc8 18. Rxc8+ Rxc8 19. 0-0 a5 20. Bb5 Qe6 21. Ne5 Nf8 22. h3 Bxh3 23. gxh3 Qxh3 24. Qd1 Qf5 25. Bg3 Ne4 26. Qf3 Qe6 27. Rd1 Ng5 28. Qg4 f5 29. Qe2 g6 30. f4 Ne4 31. Qg2 Nd6 32. Ba4 b5 33. Bc2 Nd7 34. Nxd7 Qxd7 35. Qxd5+ Kf8 36. Bd3 Qe7 37. Bf2 1-0

[Event "AUT-ch U16/18 Girls"]
[Site "Bad Ischl"]
[Date "2007.03.31"]
[Round "2"]
[White "Exler, Veronika"]
[Black "Kirchmair, Katharina"]
[Result "1-0"]
[WhiteElo "1899"]
[BlackElo "1294"]
[PlyCount "105"]
[EventDate "2007.03.31"]
[EventType "swiss"]
[EventRounds "7"]
[EventCountry "AUT"]
[SourceTitle "EXT 2008"]
[Source "ChessBase"]
[SourceDate "2007.11.25"]
[SourceVersion "1"]
[SourceVersionDate "2007.11.25"]
[SourceQuality "1"]

1. e4 e5 2. Nf3 Nc6 3. d4 exd4 4. Bc4 Nf6 5. e5 d5 6. Bb5 Qe7 7. 0-0 Ne4 8. Nxd4 Qxe5 9. Nxc6 bxc6 10. Bxc6+ Bd7 11. Bxa8 c6 12. Nd2 Qb8 13. Re1 Qxa8 14. f3 Bc5+ 15. Kh1 0-0 16. fxe4 Qb7 17. Nb3 Bb6 18. exd5 cxd5 19. Be3 Qc6 20. Bxb6 axb6 21. Nd4 Qb7 22. Re7 Qc8 23. Qf3 Qd8 24. Re5 Qb8 25. Rxd5 Qc8 26. Rf1 Bg4 27. Qf4 f6 28. Nf5 Bxf5 29. Qxf5 Qe8 30. Rd6 b5 31. Qe6+ Qxe6 32. Rxe6 Kf7 33. Rb6 Rc8 34. Rxb5 Rxc2 35. Re1 g5 36. h3 Rc4 37. Rb7+ Kg6 38. b3 Rd4 39. a4 h5 40. a5 g4 41. hxg4 hxg4 42. a6 Rd8 43. a7 Ra8 44. Ree7 f5 45. Rb8 Rxa7 46. Rxa7 Kg5 47. g3 Kf6 48. Rb5 Ke6 49. Ra6+ Kd7 50. Rb7+ Kc8 51. Rh7 Kb8 52. Rg6 Kc8 53. Rg8# 1-0